Southville International School and Colleges
Your cart is empty.
  • Cart
  • Lists
    Public lists Eva Luna New books Lux_list list_1
    Your lists Log in to create your own lists
  • Log in to your account
  • Your cookies
  • Search history
Southville International School and Colleges
  • Advanced search
  • Recent comments
  • Most popular
  • Libraries

Log in to your account

Log in with GOOGLE


If you do not have an external account, but do have a local account, you can still log in:

  1. Home
  2. MARC view: Principles and application of radiological physics/
Normal view MARC view ISBD view

Principles and application of radiological physics/ (Record no. 13519)

[ view plain ]
MARC details
000 -LEADER
fixed length control field 00599nam a22001937a 4500
003 - CONTROL NUMBER IDENTIFIER
control field USm
005 - DATE AND TIME OF LATEST TRANSACTION
control field 20140310182441.0
008 - FIXED-LENGTH DATA ELEMENTS--GENERAL INFORMATION
fixed length control field 130402t xxu||||| |||| 00| 0 eng d
020 ## - INTERNATIONAL STANDARD BOOK NUMBER
International Standard Book Number 9780702043093
050 ## - LIBRARY OF CONGRESS CALL NUMBER
Classification number R 895
Item number .P957 2011
100 ## - MAIN ENTRY--PERSONAL NAME
Personal name Graham, Donald T.
9 (RLIN) 7900
245 ## - TITLE STATEMENT
Title Principles and application of radiological physics/
Statement of responsibility, etc Donald T. Graham, Paul Cloke, Martin Vosper.
250 ## - EDITION STATEMENT
Edition statement 6th ed.
260 ## - PUBLICATION, DISTRIBUTION, ETC. (IMPRINT)
Place of publication, distribution, etc Edinburgh:
Name of publisher, distributor, etc Churchill Livingstone/Elsevier,
Date of publication, distribution, etc c2011.
300 ## - PHYSICAL DESCRIPTION
Extent 378 p. :
Other physical details ill. ;
Dimensions 25 cm.
650 ## - SUBJECT ADDED ENTRY--TOPICAL TERM
Topical term or geographic name as entry element Radiological Physics
9 (RLIN) 7901
942 ## - ADDED ENTRY ELEMENTS (KOHA)
Source of classification or shelving scheme Library of Congress Classification
Koha item type
Holdings
Withdrawn status Lost status Source of classification or shelving scheme Damaged status Home library Current library Shelving location Date acquired Total Checkouts Total Renewals Full call number Barcode Date last seen Date checked out Copy number Price effective from Koha item type
    Library of Congress Classification   South SEED-LPDH College Library South SEED-LPDH College Library South SEED-LPDH College Section 04/02/2013 1 10 R 895 .P957 2011 SSLC1091 05/15/2018 09/11/2014 1 11/06/2013 Books

Principles and application of radiological physics/

APA

Graham D. T., . (2011). Principles and application of radiological physics. Edinburgh: Churchill Livingstone/Elsevier.

Chicago

Graham Donald T, . 2011. Principles and application of radiological physics. Edinburgh: Churchill Livingstone/Elsevier.

Harvard

Graham D. T., . (2011). Principles and application of radiological physics. Edinburgh: Churchill Livingstone/Elsevier.

MLA

Graham Donald T, . Principles and application of radiological physics. Edinburgh: Churchill Livingstone/Elsevier. 2011.

  • Place hold
  • Print
  • Cite
  • Add to your cart (remove)
  • Save record
    BIBTEX Dublin Core MARCXML MARC (non-Unicode/MARC-8) MARC (Unicode/UTF-8) MARC (Unicode/UTF-8, Standard) MODS (XML) RIS
  • More searches
    Search for this title in:
    Other Libraries (WorldCat) Other Databases (Google Scholar) Online Stores (Bookfinder.com) Open Library (openlibrary.org)

Exporting to Dublin Core...

SOUTHVILLE LIBRARY

Southville International School and Colleges Library

1281 Tropical Ave. Cor. Luxembourg St., BF Homes International, Las Pinas City

Tel. No. 8256374 / 252358 Loc. 117/146

Powered by Koha